000
00313nam a2200121Ia 4500
005
20251222143310.0
008
251222s9999||||xx |||||||||||||| ||spa||
082
_a
275.5/R83/T.I
100
_a
Daniel-Rops, Henry
245
0
_a
La Iglesia del Renacimiento y de la Reforma
264
_b
Luis de Caralt
942
_c
LIB
999
_c
15674
_d
15674